000 00482nam a2200181Ia 4500
005 20250326130607.0
008 250326s9999 xx 000 0 und d
037 _aTextbook
040 _aFMSL
_beng
_cFMSL
041 _aeng
_2eng
084 _aX:89A P4
_qFMSL
100 _aDudek G
_9740865
245 0 _aCollaborative planning in supply chains
_cDudek G
250 _a2
260 _aN
_bN, Y Springer
_c2009
942 _cTB
_hX:89A P4
999 _c1283233
_d1283233